00680nam a22002057a 450000500170000001000150001702000260003202000230005803500130008103700130009408200080010724501310011526000460024627000390029230000270033150000500035870000190040870000280042770000190045520150909111419.0 aENG-113510 c550.00a9789351480556 c550.00a9351480550 aEN-97042 bDBAD/PUB a280 aEkklesia= Indian conversations :cedited by Samuel George, H.Joseph Lalfakmawia [and] Ajungla Jamir ba study of the church / aNew DelhibChristian World Imprintsc2015 aH-12 Bali NagarbNew Delhie110015 axviii,385p.c23cm(pbk) aIncludes bibliographical references and index aGeorge, Samuel aLalfakmawia, H. Joseph  aJamir, Ajungla